000 00475nam a2200169Ia 4500
008 151213s9999 xx 000 0 und d
020 _a007289024 - X
100 _aJohn .A. Pearce & R. B. Robbinson
245 _aStrategic Management
_cJohn .A. Pearce & R. B. Robbinson
250 _a9 th
260 _aNew York
_bMc Grow Hill
_c2006
300 _a4074 p.
650 _aManagement
650 _aManagement
700 _aJohn .A. Pearce & R. B. Robbinson
999 _c2557
_d2557